Mobile Legends: KOF skin - Statistics

General Stats
  • This quiz has been taken 411 times
  • The average score is 4 of 6
Answer Stats
Characters Skins % Correct
Gusion K'
97%
Karina Leona
71%
Chou Iori Yagami
70%
Aurora Kula Diamond
64%
Guinevere Athena Asamiya
62%
Dyrroth Orochi Chris
62%
No matching quizzes found
Score Distribution
Percent of People with Each Score
Percentile by Number Answered
Your Score History
You have not taken this quiz